Lataa...

Visions of modernity : representation, memory, time and space in the age of the camera

Bibliografiset tiedot
Päätekijä: Scott McQuire
Aineistotyyppi: Printed Book
Julkaistu: New Delhi Sage 1998
Aiheet:
LEADER 00709nam a22002051a 4500
020 |a 9780761953012  |c 0.00 
040 |a SSUS - Library - Kalady 
082 |a 771.3  |b SCO/V 
100 |a Scott McQuire  
245 |a Visions of modernity : representation, memory, time and space in the age of the camera  |h [Text] 
260 |a New Delhi  |b Sage  |c 1998 
300 |a 279p. 
500 |a Scott McQuire 
600 |a Arts 
600 |a Photography 
600 |a Photography Cameras 
852 |h 771.3  |i SCO/V  |p 023026  |9 1080.77  |t 0 
942 |c BK 
999 |c 50130  |d 50130 
952 |0 0  |1 0  |4 0  |6 771_300000000000000_SCO_V  |7 0  |9 72968  |a SSUS  |b SSUS  |d 2015-01-08  |g 1080.77  |l 1  |o 771.3 SCO/V  |p 023026  |r 2019-01-28  |s 2018-02-07  |v 0.00  |w 2015-01-08  |y BK